Statistics for Riordanverse!

Click here to take the quiz!

General Stats

  • This quiz has been taken 23 times
  • The average score is 13 of 15

Answer Stats

HintCharacter (capitalized, first & last)% Correct
Son of HadesNico di Angelo
100%
Son of PoseidonPercy Jackson
100%
Daughter of AthenaAnnabeth Chase
95%
Daughter of HadesBianca di Angelo
95%
Son of MarsFrank Zhang
95%
Daughter of PlutoHazel Levesque
95%
Son of JupiterJason Grace
95%
Son of HephaestusLeo Valdez
95%
His Greek SisterThalia Grace
95%
Child of LokiAlex Fierro
86%
Son of Apollo (not Lester, dummy who's about to type that)Will Solace
86%
Son of FreyMagnus Chase
82%
Daughter of BellonaReyna Avila Ramirez-Arellano
73%
Daughter of LokiSamirah Al-Abbas
64%
Daughter of HephaestusNyssa Barrera
18%

Score Distribution

Percentile by Number Answered

Percent of People with Each Score

Your Score History

You have not taken this quiz